000 00415nam a2200181Ia 4500
999 _c40409
_d40409
003 0100
005 20190718104744.0
008 130303s9999 xx 000 0 und d
040 _cARRUPELIB
050 _aHM251.B73 1965
100 _aBrown, Roger
_947263
245 _aSocial Psychology
260 _aNew York
_bThe Free Press
_c1965
300 _axxiv
300 _b 785 p. 24 cm.
650 _bSocial psychology
_916638
942 _2lcc
_cMONOGRAPH